000 00382nam a2200157Ia 4500
008 230711s9999||||xx |||||||||||||| ||und||
041 _aENG
082 _a621.395
_bSZ-V
100 _aSze,S.M
245 0 _aVLSI technology
250 _a2nd Ed.
260 _c2007
_aNew Delhi
_bTata McGraw Hill Education Limited
300 _a676
650 _aElectrical Engineering
942 _cBK
999 _c3876
_d3876